Advokátske komory na Slovensku v rokoch 1875-1948 /

Hlavní autor: Gajdošová, Martina, 1970-
Další autoři: Kerecman, Peter, 1972-, Ďuriška, Zdenko, 1957-, Kušnír, Jozef, 1988-, Hellenbart, Viktória, 1972-
Jazyk: Slovenština
Vydáno: Bratislava : Slovenská advokátska komora vo Vede, vydavateľstve Slovenskej akadémie vied, 2018
Témata:
Fyzický popis: 766 stran : ilustrace (některé barevné), portréty, faksimile ; 31 cm
Knihy
Uloženo v:
LEADER 01966nam a2200469 i 4500
001 001708299
003 CZ BrMZK
005 20191203070703.0
007 ta
008 190923s2018 xo ach f 001 0 slo
020 |a 978-80-224-1641-2  |q (vázáno) 
040 |a BOA001  |b cze  |e rda 
043 |a e-xo--- 
045 |a w7x4 
072 7 |a 347.9  |x Občanské soudní řízení. Soudnictví  |2 Konspekt  |9 16 
080 |a 347.965.8  |2 MRF 
080 |a 347.965(091)  |2 MRF 
080 |a 347.965  |2 MRF 
080 |a (437.6)  |2 MRF 
080 |a (048.8:082)  |2 MRF 
100 1 |a Gajdošová, Martina,  |d 1970-  |7 xx0196176  |4 aut 
245 1 0 |a Advokátske komory na Slovensku v rokoch 1875-1948 /  |c Martina Gajdošová, Peter Kerecman, Zdenko Ďuriška, Jozef Kušnír, Viktória Hellenbart 
264 1 |a Bratislava :  |b Slovenská advokátska komora vo Vede, vydavateľstve Slovenskej akadémie vied,  |c 2018 
300 |a 766 stran :  |b ilustrace (některé barevné), portréty, faksimile ;  |c 31 cm 
336 |a text  |b txt  |2 rdacontent 
337 |a bez média  |b n  |2 rdamedia 
338 |a svazek  |b nc  |2 rdacarrier 
504 |a Obsahuje bibliografii, bibliografické odkazy a rejstřík 
648 4 |a 1875-1948 
648 7 |a 19.-20. století  |7 ch757015  |2 czenas 
650 0 7 |a advokátní komory  |7 ph118270  |z Slovensko  |y 19.-20. století  |2 czenas 
650 0 7 |a dějiny advokacie  |7 ph556181  |z Slovensko  |y 19.-20. století  |2 czenas 
650 0 7 |a advokáti  |7 ph118269  |z Slovensko  |y 19.-20. století  |2 czenas 
655 7 |a kolektivní monografie  |7 fd501537  |2 czenas 
700 1 |a Kerecman, Peter,  |d 1972-  |7 kup20010000047767  |4 aut 
700 1 |a Ďuriška, Zdenko,  |d 1957-  |7 pna2007384261  |4 aut 
700 1 |a Kušnír, Jozef,  |d 1988-  |7 js20191021888  |4 slo 
700 1 |a Hellenbart, Viktória,  |d 1972-  |7 js20191021891  |4 aut 
910 |a BOA001  |b 4-1433.386 
990 |a BK 
991 |b 201912  |c NOV 
996 7 |b 2610795793  |c 4-1433.386  |l MZK  |r Sklad / do 1 hodiny  |n 0  |p kupz  |w 001756901  |u 000010  |a 1  |e BOA001  |j MZK50  |s A